|
|
|
|
| LEADER |
00000cam a22000004a 4500 |
| 001 |
musev2_2229 |
| 003 |
MdBmJHUP |
| 005 |
20230905040310.0 |
| 006 |
m o d |
| 007 |
cr||||||||nn|n |
| 008 |
110524s2011 pau o 00 0 eng d |
| 010 |
|
|
|z 2011021575
|
| 020 |
|
|
|a 9780812205022
|
| 020 |
|
|
|z 9780812243369
|
| 035 |
|
|
|a (OCoLC)794700625
|
| 040 |
|
|
|a MdBmJHUP
|c MdBmJHUP
|
| 043 |
|
|
|a a-vt---
|a a-cc---
|
| 050 |
0 |
4 |
|a HF3800.5.Z7
|b C687 2011
|
| 082 |
0 |
|
|a 909/.09823
|2 23
|
| 245 |
0 |
4 |
|a The Tongking Gulf Through History /
|c edited by Nola Cooke, Li Tana, and James A. Anderson.
|
| 264 |
|
1 |
|a Philadelphia :
|b University of Pennsylvania Press,
|c 2011.
|
| 264 |
|
3 |
|a Baltimore, Md. :
|b Project MUSE,
|c 2012
|
| 264 |
|
4 |
|c ©2011.
|
| 300 |
|
|
|a 1 online resource (240 pages):
|b ill., maps ;
|
| 336 |
|
|
|a text
|b txt
|2 rdacontent
|
| 337 |
|
|
|a computer
|b c
|2 rdamedia
|
| 338 |
|
|
|a online resource
|b cr
|2 rdacarrier
|
| 490 |
0 |
|
|a Encounters with Asia
|
| 500 |
|
|
|a Papers produced for a conference organized by the Australian National University and the Guangxi Academy of Social Sciences held in Nanning, China, in 2008.
|
| 504 |
|
|
|a Includes bibliographical references and index.
|
| 588 |
|
|
|a Description based on print version record.
|
| 651 |
|
0 |
|a China
|x Commerce
|z Vietnam, Northern
|x History
|v Congresses.
|
| 651 |
|
0 |
|a Vietnam, Northern
|x Commerce
|z China
|x History
|v Congresses.
|
| 651 |
|
0 |
|a Tonkin, Gulf of, Region
|x Commerce
|x History
|v Congresses.
|
| 655 |
|
7 |
|a Electronic books.
|2 local
|
| 700 |
1 |
|
|a Anderson, James,
|d 1963-
|
| 700 |
1 |
|
|a Li, Tana.
|
| 700 |
1 |
|
|a Cooke, Nola.
|
| 710 |
2 |
|
|a Project Muse.
|e distributor
|
| 830 |
|
0 |
|a Book collections on Project MUSE.
|
| 856 |
4 |
0 |
|z Texto completo
|u https://projectmuse.uam.elogim.com/book/2229/
|
| 945 |
|
|
|a Project MUSE - Custom Collection
|
| 945 |
|
|
|a Project MUSE - 2011 Complete
|
| 945 |
|
|
|a Project MUSE - 2011 History
|